000 nam a22 7a 4500
999 _c8299
_d8299
008 171218b xxu||||| |||| 00| 0 eng d
020 _a9781848103511
100 _aMathews, Rupert
_94720
245 _aWorld Wars
260 _aChina
_bMileskelly Publication
_c2006